[Event "Oslo Chess Festival 2017"]
[Site "Oslo"]
[Date "2017.09.30"]
[Round "2"]
[White "Gajewski, Grzegorz"]
[Black "Hobber, Anders"]
[Result "1-0"]
[WhiteElo "2630"]
[BlackElo "2264"]
[Annotator "TA"]
[PlyCount "59"]
[EventDate "2017.??.??"]
[EventType "swiss"]
[EventCountry "NOR"]
[SourceTitle "playchess.com"]
[Source "ChessBase"]
[SourceQuality "1"]

{[%evp 9,59,12,22,20,20,16,17,0,18,6,34,33,45,48,46,39,31,33,57,47,39,20,27,22,132,103,108,100,83,97,94,81,85,107,79,97,95,58,166,72,89,67,83,80,63,71,139,150,225,194,1014,996]} 1. c4 c6 2. Nf3 d5 3. e3 Nf6 4. Nc3 a6 5. Qc2 (5. h3 Nbd7 6. d4 e6 7. Qc2 Bd6 8. b3 b5 9. c5 Bc7 10. Bb2 e5 11. dxe5 Nxe5 12. Nxe5 Bxe5 13. Nxb5 {½-½ (41) Eljanov,P (2755)-Grandelius,N (2665) Malmo 2017}) 5... g6 6. b3 {A11: English Opening: 1...c6} Bg7 7. Be2 O-O 8. O-O {The position is equal.} Bg4 9. h3 $146 ({Predecessor:} 9. Ba3 Re8 10. d4 Nbd7 11. Rfd1 Rc8 12. Rac1 Qa5 {1-0 (48) Bauer,C (2623)-Swinkels,R (2476) Skopje 2015}) 9... Bxf3 10. Bxf3 e6 11. d4 $36 {[%mdl 2048] White has some pressure.} Nbd7 12. Ba3 Re8 13. Bd6 Nb6 14. Bg3 dxc4 15. Rab1 Nfd5 16. Ne4 (16. Rfd1 {keeps more tension.} Qe7 17. Ne4 c3 18. Nxc3 Nxc3 19. Qxc3 Rad8 20. b4) 16... cxb3 (16... c3 $11 {remains equal.}) 17. Rxb3 $16 e5 18. dxe5 Bxe5 19. Bxe5 Rxe5 20. Rfb1 a5 21. a3 {[%mdl 1024] White has strong compensation.} a4 {[#]} 22. R3b2 $1 Ra5 23. Ng3 {e4 is the strong threat.} Rb5 (23... Qf8 $14) 24. Be2 (24. Rxb5 $18 {has better winning chances.} cxb5 25. Qd3) 24... Rxb2 25. Qxb2 Nd7 26. Qxb7 Nc3 27. Rb2 Nc5 (27... Rc5 $142) 28. Qxc6 h5 (28... Kg7 $16 {was necessary.} 29. Bc4 Qf6 30. Qxf6+ Kxf6) 29. Bc4 {[#] Threatens to win with Qxg6+.} Rg5 $2 (29... Kg7 30. f4 Rxe3 31. Nxh5+ (31. Qxc5 Rxg3 32. Kh2 Qf6 $16) 31... gxh5 32. Qxc5 Re1+ 33. Kh2 Ne4 34. Qe5+ Qf6) 30. h4 {Precision: White = 51%, Black = 27%.} 1-0

[Event "Oslo Chess Festival 2017"]
[Site "Oslo"]
[Date "2017.09.30"]
[Round "2"]
[White "Maze, Sebastien"]
[Black "Vestby-Ellingsen, Mads"]
[Result "1-0"]
[WhiteElo "2614"]
[BlackElo "2262"]
[Annotator "TA"]
[PlyCount "67"]
[EventDate "2017.??.??"]
[EventType "swiss"]
[EventCountry "NOR"]
[SourceTitle "playchess.com"]
[Source "ChessBase"]
[SourceQuality "1"]

{[%evp 15,67,6,17,7,32,36,32,28,33,32,33,18,12,0,0,-8,-21,-1,43,29,58,47,83,69,280,279,268,269,261,241,233,130,166,173,425,408,411,408,683,683,656,682,667,658,781,775,1000,365,946,940,1382,829,1724,1706]} 1. e4 e5 2. Nf3 Nc6 3. Nc3 Nf6 4. Bb5 Bb4 5. O-O O-O 6. d3 Bxc3 7. bxc3 d6 8. Re1 Ne7 {LiveBook: 7 Games} 9. Nh4 $146 {C49: Four Knights: 4 Bb5 Bb4} ({Predecessor:} 9. d4 c6 10. dxe5 dxe5 11. Ba3 cxb5 12. Qxd8 Rxd8 13. Bxe7 Re8 14. Bd6 Nd7 15. Nd2 a6 16. c4 bxc4 17. Nxc4 {1-0 (40) Antonio,R (2572)-Nolte,R (2420) Tagaytay City 2010}) 9... Ng6 (9... a6 {is interesting.} 10. Ba4 Bg4 11. Qd2 b5 12. Bb3 c5) 10. Nxg6 fxg6 11. d4 {White is slightly better.} Qe7 12. f3 h6 13. Bf1 g5 14. a4 g4 15. a5 gxf3 16. Qxf3 a6 17. Rb1 Rb8 18. Bxa6 Bg4 19. Bc4+ d5 $2 {[#]} (19... Be6 $14 20. Qe2 Bxc4 21. Qxc4+ Kh7) 20. exd5 $18 {[%cal Be4d5,Bd5d6,Bd6c7][%mdl 32]} Bxf3 21. d6+ $1 Qf7 22. Bxf7+ Rxf7 23. dxe5 ({Resist} 23. gxf3 $6 cxd6 24. dxe5 (24. a6 exd4 25. cxd4 b5 $16) 24... dxe5) (23. dxc7 $18 Rc8 24. dxe5) 23... Bd5 {next ...Re8 is good for Black.} 24. exf6 Rxf6 $2 {[#]} (24... cxd6 {keeps fighting.} 25. fxg7 Rxg7) 25. dxc7 Rc8 26. Rd1 Be4 (26... Bc6 $142 27. a6 Rxc7) 27. Rd8+ Rf8 28. Rxc8 Rxc8 {[%mdl 4096] Endgame KRB-KRB} 29. Bf4 Kf7 30. Rd1 g5 31. Be5 $2 (31. Rd8 Bf5 32. Bd6) 31... Bf5 $2 (31... Ke8 32. Rd4 Bc6) 32. Rd8 {White is clearly winning.} Ke7 33. c4 {[%cal Bc3c4,Bc4c5][%mdl 32]} Be6 34. c5 {Precision: White = 55%, Black = 27%.} 1-0

[Event "Oslo Chess Festival 2017"]
[Site "Oslo"]
[Date "2017.09.30"]
[Round "2"]
[White "Blomqvist, Erik"]
[Black "Louis, Thibault"]
[Result "1-0"]
[WhiteElo "2521"]
[BlackElo "2207"]
[Annotator "TA"]
[PlyCount "87"]
[EventDate "2017.??.??"]
[EventType "swiss"]
[EventCountry "NOR"]
[SourceTitle "playchess.com"]
[Source "ChessBase"]
[SourceQuality "1"]

{[%evp 11,87,12,13,-4,4,0,9,0,0,0,23,0,0,0,14,-19,-27,-14,7,0,0,1,8,-12,2,-1,34,31,22,-32,-22,-6,-13,-20,-27,-35,-34,-35,13,34,44,42,52,49,65,58,103,90,235,77,125,116,104,93,135,101,167,55,169,182,158,177,329,336,367,349,376,376,460,398,843,830,29979,29981,29981,29982,29978,29977]} 1. Nf3 Nf6 2. g3 b6 3. Bg2 Bb7 4. O-O g6 5. d3 Bg7 6. e4 d6 {LiveBook: 48 Games} 7. c3 {A05: Réti Opening: 1 Nf3 Nf6} (7. Ng5 e5 8. f4 Nbd7 9. Nc3 Qe7 10. Nb5 O-O 11. Nxc7 Rac8 12. Nb5 exf4 13. Bxf4 Nh5 14. c3 Rc5 {1-0 (36) Turov,M (2595)-Babula,V (2552) Teplice 2017}) 7... O-O 8. a4 a6 $146 ({Predecessor:} 8... a5 9. h3 Na6 10. Be3 Nd7 {½-½ (73) Michna,M (2393)-Kos,P (2238) Wroclaw 2011}) 9. Ng5 {The position is equal.} e5 10. f4 c5 11. fxe5 dxe5 12. Na3 Nc6 13. Kh1 h6 14. Nf3 Ne8 15. Nc4 Nd6 16. Ne3 Kh7 17. Qc2 b5 18. g4 Rc8 19. axb5 axb5 {[#]} 20. Bd2 (20. g5 $1 $11 {[%mdl 512]}) 20... c4 $15 21. dxc4 bxc4 22. Rad1 Ne7 23. Bc1 Qb6 ({Of course not} 23... Bxe4 $6 24. Rxd6 $1 {[%mdl 512]} Bxc2 25. Rxd8 $16) 24. Ng1 {[%cal Bf3g1,Bg1e2,Be2g3][%mdl 32]} Rc5 25. Ne2 Rd8 26. Ng3 Bc6 27. h4 {[%cal Bh2h4,Bh4h5][%mdl 32]} Qa5 28. Qf2 Be8 29. h5 Qc7 {[#]} (29... g5 $16) 30. Nc2 $2 (30. g5 $1 $18 {[%mdl 512] and the rest is easy.}) 30... Nb7 31. Be3 {Hoping for Rxd8.} Rc6 32. Nb4 {Strongly threatening Rxd8.} Rf6 33. Qe2 Rf4 (33... Kg8 $16 {keeps fighting.}) 34. Rxd8 (34. Bxf4 $18 Rxd1 35. Qxd1 (35. Rxd1 exf4 36. Nf1 Bb5 $16) 35... exf4 36. Ne2) 34... Nxd8 (34... Rxf1+ $14 35. Qxf1 (35. Bxf1 Qxd8 36. g5 Nd6 $16) 35... Qxd8) 35. Bxf4 $18 exf4 36. Nd5 Nxd5 $2 (36... Qe5) 37. exd5 Bd7 38. Ne4 Qe5 39. Bf3 {[%cal Bg2f3,Bf3g4,Bg4f5][%mdl 32]} g5 40. Re1 Bxg4 $2 (40... Qc7 41. Nd2 Kg8 42. Qxc4 Qxc4 43. Nxc4 Bf8) 41. Bxg4 f5 {[#]} 42. Nxg5+ $1 {White mates.} hxg5 43. Qxe5 Bxe5 44. Bxf5+ {Precision: White = 52%, Black = 13%.} 1-0

[Event "Oslo Chess Festival 2017"]
[Site "Oslo"]
[Date "2017.09.30"]
[Round "2"]
[White "Li, Di"]
[Black "Sousa, Ludy Helsio Paulo"]
[Result "1-0"]
[WhiteElo "2459"]
[BlackElo "2171"]
[Annotator "TA"]
[PlyCount "40"]
[EventDate "2017.??.??"]
[EventType "swiss"]
[EventCountry "NOR"]
[SourceTitle "playchess.com"]
[Source "ChessBase"]
[SourceQuality "1"]

{[%evp 22,40,-28,-43,-14,-21,15,-6,-3,-19,-11,-7,-27,-24,0,-14,-12,-33,0,0,10]} 1. c4 c5 2. Nf3 Nc6 3. Nc3 g6 4. g3 Bg7 5. Bg2 d6 6. a3 e5 7. O-O Nge7 8. d3 O-O {A37: Symmetrical English vs ...g6: 4 Bg2 Bg7 5 Nf3} 9. Ne1 {[%cal Bf3e1,Be1c2,Bc2e3][%mdl 32]} (9. Rb1 a5 10. Bg5 f6 11. Bd2 Be6 12. Ne1 d5 13. cxd5 Nxd5 14. Qb3 Nc7 15. Qb6 Nd4 16. Nf3 Ra6 17. Qxb7 Nxe2+ 18. Kh1 Nxc3 19. bxc3 Bd5 20. Qb2 {0-1 (59) Svidler,P (2745)-Giri,A (2755) Moscow 2016}) 9... Be6 10. Nc2 d5 11. cxd5 Nxd5 12. Ne3 {LiveBook: 3 Games} Nxc3 13. bxc3 e4 $146 ({Predecessor:} 13... Qd7 14. Rb1 Rad8 15. c4 b6 16. Re1 Ne7 17. Qb3 {1-0 (53) Wohl,A (2438)-Tindall,B (2194) Auckland 2000}) 14. Bxe4 Bxc3 15. Rb1 Qd7 16. Bb2 Bxb2 17. Rxb2 f5 18. Bg2 f4 19. Nc4 fxg3 20. hxg3 b6 {[%mdl 32768] Loss on Time!?} 1-0

[Event "Oslo Chess Festival 2017"]
[Site "Oslo"]
[Date "2017.09.30"]
[Round "2"]
[White "Bartholomew, John"]
[Black "Li, Xueyi"]
[Result "1/2-1/2"]
[WhiteElo "2449"]
[BlackElo "2157"]
[Annotator "NA"]
[PlyCount "77"]
[EventDate "2017.??.??"]
[EventType "swiss"]
[EventCountry "NOR"]
[SourceTitle "playchess.com"]
[Source "ChessBase"]
[SourceQuality "1"]
[TimeControl "5400+30"]

{[%evp 8,52,1,-2,16,18,17,10,10,21,21,10,22,25,6,10,26,12,24,12,20,32767,26,12,140,138,147,0,0,0,0,15,24,0,0,-6,0,-1,0,0,0,0,0,0,32767,-13,0]} 1. d4 {[%emt 0:01:12]} d5 {[%emt 0:00:03]} 2. c4 {[%emt 0:00:07]} e6 {[%emt 0:00:05]} 3. Nc3 {[%emt 0:00:09]} c6 {[%emt 0:00:10]} 4. cxd5 {[%emt 0:00:37]} exd5 {[%emt 0:00:06]} 5. Qc2 {[%emt 0:00:07]} Nf6 {[%emt 0:01:20]} 6. Bg5 {[%emt 0:01:37]} Na6 {[%emt 0:00:47]} 7. a3 {[%emt 0:06:07]} Nc7 {[%emt 0:00:49]} 8. e3 {[%emt 0:00:13]} Be7 {[%emt 0:07:39]} 9. Bd3 {[%emt 0:04:35] D36: Queen's Gambit Declined: Exchange Variation: Main line (5 Bg5 c6 6 Qc2)} g6 {[%emt 0:07:39]} 10. Nf3 {[%emt 0:02:25]} Ne6 {[%emt 0:01:27]} 11. Bh4 {[%emt 0:00:36]} Ng7 {[%emt 0:00:48]} (11... O-O 12. O-O Ng7 13. b4 a6 14. Na4 Bf5 15. Nc5 Ra7 16. a4 Bxd3 17. Nxd3 Nf5 18. Bxf6 Bxf6 19. b5 cxb5 20. axb5 a5 21. Rfc1 b6 {1-0 (59) Carlsen,M (2850)-Bruzon Batista,L (2659) Berlin 2015}) 12. O-O {[%emt 0:02:01]} Bf5 {[%emt 0:02:00]} 13. b4 {[%emt 0:02:35]} a6 {[%emt 0:10:51] LiveBook: 12 Games} 14. a4 {[%emt 0:14:18]} Bxd3 {[%emt 0:11:14]} 15. Qxd3 {[%emt 0:00:11]} Bxb4 $146 {[%emt 0:01:24] [#]} (15... Nf5 $11 {keeps the balance.}) ({Predecessor:} 15... O-O 16. b5 axb5 17. axb5 Nf5 18. Bg5 Nd7 {1-0 (53) Glidzhain,G (2354)-Imashev,I (2283) Ufa 2009}) 16. Rab1 $1 {[%emt 0:02:02]} Bxc3 {[%emt 0:02:01]} 17. Qxc3 {[%emt 0:01:36]} (17. Rxb7 $16 Qc8 18. Rfb1) 17... Ne4 {[%emt 0:03:03]} 18. Qb4 {[%emt 0:08:50]} g5 {[%emt 0:17:52]} 19. Bg3 {[%emt 0:00:45]} Ra7 $1 {[%emt 0:05:28]} 20. Qb6 {[%emt 0:23:49]} Qxb6 {[%emt 0:01:04]} 21. Rxb6 {[%emt 0:00:04]} O-O {[%emt 0:01:33]} 22. Rfb1 {[%emt 0:01:56]} Ne6 {[%emt 0:05:55]} 23. Rxb7 {[%emt 0:03:25]} Rxb7 {[%emt 0:00:05]} 24. Rxb7 {[%emt 0:00:02]} c5 {[%emt 0:03:37]} 25. h3 {[%emt 0:06:18]} cxd4 {[%emt 0:09:17]} 26. exd4 {[%emt 0:00:45]} Rc8 $11 {[%emt 0:00:44]} 27. Rb6 {[%emt 0:03:07]} h5 {[%emt 0:01:05]} 28. Be5 {[%emt 0:11:20]} Rc1+ {[%emt 0:02:17]} 29. Kh2 {[%emt 0:00:04]} Nxf2 {[%emt 0:00:21]} 30. g3 {[%emt 0:01:40]} Nd3 {[%emt 0:00:38]} 31. Rxa6 {[%emt 0:00:26]} Nxe5 {[%emt 0:00:28]} 32. Nxe5 {[%emt 0:00:25]} Rc2+ {[%emt 0:00:04]} 33. Kh1 {[%emt 0:01:05]} Rc1+ {[%emt 0:00:26]} 34. Kg2 {[%emt 0:00:14]} Rc2+ {[%emt 0:00:13]} 35. Kf1 {[%emt 0:01:01]} Nxd4 {[%emt 0:00:27]} 36. Rf6 {[%emt 0:00:09]} Ne2 {[%emt 0:00:15]} 37. g4 {[%emt 0:00:00]} Ng3+ {[%emt 0:00:12]} 38. Kg1 {[%emt 0:00:05]} Ne2+ {[%emt 0:00:30]} 39. Kf1 {[%emt 0:00:10]} 1/2-1/2

[Event "Oslo Chess Festival 2017"]
[Site "Oslo"]
[Date "2017.09.30"]
[Round "2"]
[White "Xu, Yi"]
[Black "Kyrkjebo, Erlend"]
[Result "1-0"]
[WhiteElo "2439"]
[BlackElo "2122"]
[Annotator "NA"]
[PlyCount "69"]
[EventDate "2017.??.??"]
[EventType "swiss"]
[EventCountry "NOR"]
[SourceTitle "playchess.com"]
[Source "ChessBase"]
[SourceQuality "1"]
[TimeControl "5400+30"]

{[%evp 8,55,25,32767,32767,32767,32767,32767,32767,32767,30,31,38,27,21,32767,25,30,28,29,40,47,52,32767,79,83,74,86,102,107,32767,87,97,97,93,91,90,87,32767,93,142,131,188,156,156,166,32767,32767,32767,175]} 1. e4 {[%emt 0:00:02]} c5 {[%emt 0:00:14]} 2. Nf3 {[%emt 0:00:04]} d6 {[%emt 0:00:07]} 3. Bb5+ {[%emt 0:00:05]} Bd7 {[%emt 0:00:28]} 4. Bxd7+ {[%emt 0:00:06]} Qxd7 {[%emt 0:00:09]} 5. c4 {[%emt 0:00:07]} g6 {[%emt 0:07:10]} 6. d4 {[%emt 0:00:39]} cxd4 {[%emt 0:00:16]} 7. Nxd4 {[%emt 0:00:05]} Bg7 {[%emt 0:00:19]} 8. Nc3 {[%emt 0:00:19]} Nc6 {[%emt 0:01:36]} 9. Be3 {[%emt 0:00:24]} Nf6 {[%emt 0:02:46]} 10. f3 {[%emt 0:00:10]} O-O {[%emt 0:00:24]} 11. Rc1 {[%emt 0:01:11] B52: Sicilian: Moscow Variation with 3...Bd7} Rfd8 {[%emt 0:02:51]} 12. O-O {[%emt 0:01:45]} e6 {[%emt 0:18:41] LiveBook: 12 Games} 13. Nxc6 {[%emt 0:09:41] [#]} Qxc6 $146 {[%emt 0:06:33]} ({Predecessor:} 13... bxc6 14. Rf2 d5 15. Rd2 Qe8 16. e5 Nd7 17. f4 Nb6 18. b3 dxc4 19. Ne4 Nd5 {0-1 (33) Giri,A (2798)-Anand,V (2784) Zuerich 2016}) 14. Qe2 {[%emt 0:02:06]} Nd7 {[%emt 0:06:12]} 15. Rfd1 {[%emt 0:05:39]} a5 {[%emt 0:07:43]} 16. Nb5 {[%emt 0:03:22]} Nc5 {[%emt 0:03:06]} 17. b3 {[%emt 0:00:45]} b6 {[%emt 0:03:04]} 18. Rd2 {[%emt 0:04:54]} Rd7 {[%emt 0:08:04]} 19. Rcd1 {[%emt 0:02:04]} Rad8 {[%emt 0:00:23]} 20. Bg5 {[%emt 0:01:53]} f6 {[%emt 0:00:23]} 21. Bf4 {[%emt 0:00:07]} Bf8 {[%emt 0:08:49]} 22. Be3 {[%emt 0:05:24]} Bg7 {[%emt 0:05:17]} 23. Kh1 {[%emt 0:06:04]} Kf7 {[%emt 0:07:09]} (23... h5 $142) 24. h3 {[%emt 0:05:03]} Nb7 {[%emt 0:01:26]} (24... Kg8 $16 25. Bf4 Bf8) 25. a3 {[%emt 0:07:28]} Nc5 {[%emt 0:02:11]} 26. Nd4 {[%emt 0:03:04]} Qc7 {[%emt 0:02:42]} 27. b4 {[%emt 0:01:09]} Na6 {[%emt 0:01:57]} 28. b5 $18 {[%emt 0:09:57]} Nb8 {[%emt 0:02:11]} 29. Rc2 {[%emt 0:01:16]} Qc8 {[%emt 0:01:52]} 30. f4 {[%emt 0:02:15]} f5 {[%emt 0:00:43]} 31. exf5 {[%emt 0:00:26]} exf5 {[%emt 0:00:20]} 32. Qf3 {[%emt 0:00:28]} Bxd4 {[%emt 0:00:42]} 33. Qd5+ {[%emt 0:00:50]} Kf8 {[%emt 0:00:47]} 34. Qxd4 {[%emt 0:00:06]} d5 {[%emt 0:00:35]} 35. Qh8+ {[%emt 0:00:53]} 1-0

[Event "Oslo Chess Festival 2017"]
[Site "Oslo"]
[Date "2017.09.30"]
[Round "2"]
[White "Pigott, John C"]
[Black "Rishovd, Svein"]
[Result "1-0"]
[WhiteElo "2408"]
[BlackElo "2109"]
[Annotator "NA"]
[PlyCount "71"]
[EventDate "2017.??.??"]
[EventType "swiss"]
[EventCountry "NOR"]
[SourceTitle "playchess.com"]
[Source "ChessBase"]
[SourceQuality "1"]
[TimeControl "5400+30"]

{[%evp 11,68,27,32767,32767,32767,32767,32767,17,15,35,18,22,28,6,17,1,32,12,6,2,0,0,21,32767,0,-27,32767,-44,32767,-60,239,245,281,255,279,344,358,32767,32767,32767,32767,32767,32767,32767,32767,1326,1568,2280,1200,32767,29989,29990,29990,1133,5152,2262,891,995,931]} 1. e4 {[%emt 0:00:26]} e6 {[%emt 0:00:14]} 2. d4 {[%emt 0:00:11]} d5 {[%emt 0:00:07]} 3. Nc3 {[%emt 0:00:15]} Bb4 {[%emt 0:00:23]} 4. e5 {[%emt 0:00:34]} c5 {[%emt 0:00:07]} 5. a3 {[%emt 0:00:12]} Ba5 {[%emt 0:00:16]} 6. b4 {[%emt 0:02:06]} cxd4 {[%emt 0:00:20]} 7. Qg4 {[%emt 0:01:13]} Kf8 {[%emt 0:00:17] C18: French: 3 Nc3 Bb4: Main line: 7 h4 and 7 Qg4} 8. Nb5 {[%emt 0:01:03]} (8. bxa5 dxc3 9. Nf3 Nc6 10. h4 Nge7 11. h5 h6 12. a6 bxa6 13. Bd3 Rb8 14. Be3 Nf5 15. Bc5+ {½-½ (25) Salem,A (2656)-Vallejo Pons,F (2709) Sharjah 2017}) 8... Bb6 {[%emt 0:00:24]} 9. Nf3 {[%emt 0:01:10]} ({Much worse is} 9. Nxd4 Qc7 $15) 9... Nc6 {[%emt 0:00:19]} 10. Bb2 $1 {[%emt 0:02:04]} Nge7 {[%emt 0:00:46]} 11. Nbxd4 {[%emt 0:17:40]} h5 {[%emt 0:01:12]} 12. Qf4 {[%emt 0:12:21] LiveBook: 3 Games} Ng6 {[%emt 0:00:24]} 13. Nxc6 {[%emt 0:15:47]} bxc6 {[%emt 0:00:07]} 14. Qd2 {[%emt 0:00:39]} Nh4 {[%emt 0:00:16]} 15. Nxh4 {[%emt 0:04:45]} Qxh4 {[%emt 0:00:09] [#]} 16. Bd3 $146 {[%emt 0:00:06]} a5 {[%emt 0:01:07]} 17. O-O {[%emt 0:03:36]} g6 {[%emt 0:06:30]} 18. Kh1 {[%emt 0:05:16]} Ba6 {[%emt 0:14:46]} 19. Qc3 {[%emt 0:04:51]} Bxd3 {[%emt 0:24:56]} 20. cxd3 {[%emt 0:00:20]} Bxf2 $2 {[%emt 0:05:48] [#]} (20... Kg7 $15 {keeps the upper hand.}) 21. d4 $1 {[%emt 0:03:52]} ({And not} 21. Qxc6 Kg7 $15) 21... axb4 {[%emt 0:10:27]} 22. Qf3 {[%emt 0:03:07]} ({And not} 22. Qxc6 Kg7 $17) 22... f5 {[%emt 0:04:12]} 23. exf6 {[%emt 0:04:03]} ({Resist} 23. Rxf2 Kg7 $18) ({Less strong is} 23. Qxf2 Qxf2 24. Rxf2 bxa3 $18) 23... Bxd4 {[%emt 0:00:29]} 24. g3 {[%emt 0:00:12]} Qg4 {[%emt 0:00:42]} 25. Qxg4 {[%emt 0:00:07]} hxg4 {[%emt 0:00:02]} 26. Bxd4 {[%emt 0:00:08]} Kf7 {[%emt 0:02:31]} 27. axb4 {[%emt 0:00:07]} Rxa1 {[%emt 0:01:13]} 28. Rxa1 {[%emt 0:00:10]} e5 {[%emt 0:03:00]} 29. Bxe5 {[%emt 0:00:08]} Ke6 {[%emt 0:00:05]} 30. Bd4 {[%emt 0:00:37]} Rb8 {[%emt 0:00:59]} 31. Re1+ {[%emt 0:00:51]} Kf5 {[%emt 0:00:09]} 32. Rf1+ {[%emt 0:00:20]} (32. f7 $142 c5 33. Re8 Rxe8 34. fxe8=Q cxd4 35. b5 d3 36. b6 Kf6 37. b7) 32... Ke6 {[%emt 0:00:14]} 33. f7 {[%emt 0:02:45]} Rf8 {[%emt 0:02:29]} 34. Rf6+ $18 {[%emt 0:00:10]} Ke7 {[%emt 0:00:23]} 35. Rxc6 {[%emt 0:00:12]} Rxf7 {[%emt 0:00:26]} 36. Rc7+ {[%emt 0:00:06]} 1-0

[Event "Oslo Chess Festival 2017"]
[Site "Oslo"]
[Date "2017.09.30"]
[Round "2"]
[White "Stark, Lars"]
[Black "Bentsen, Hakon"]
[Result "1/2-1/2"]
[WhiteElo "2397"]
[BlackElo "2071"]
[Annotator "NA"]
[PlyCount "119"]
[EventDate "2017.??.??"]
[EventType "swiss"]
[EventCountry "NOR"]
[SourceTitle "playchess.com"]
[Source "ChessBase"]
[SourceQuality "1"]
[TimeControl "5400+30"]

1. c4 {[%emt 0:00:00]} Nf6 {[%emt 0:00:15]} 2. g3 {[%emt 0:00:26]} e6 {[%emt 0:00:19]} 3. Bg2 {[%emt 0:00:45]} d5 {[%emt 0:00:08]} 4. Nf3 {[%emt 0:00:21]} Be7 {[%emt 0:00:23]} 5. O-O {[%emt 0:01:14]} O-O {[%emt 0:00:31]} 6. Ne5 {[%emt 0:00:41]} Nc6 {[%emt 0:01:36]} 7. Nxc6 {[%emt 0:11:00]} bxc6 {[%emt 0:00:16]} 8. d4 {[%emt 0:09:44]} dxc4 {[%emt 0:05:44]} 9. Na3 {[%emt 0:10:50] LiveBook: 256 Partien} Bxa3 {[%emt 0:03:34] E05: Open Catalan: 5 Nf3 Be7} 10. Bxc6 {[%emt 0:03:46]} (10. bxa3 Ba6 11. Qd2 Rb8 12. Rd1 Qc8 13. Qc2 h6 14. Bd2 Nd5 15. e4 Nb6 16. Bb4 Rd8 17. a4 Nd5 18. exd5 Rxb4 19. dxc6 {½-½ (71) Inarkiev,E (2707)-Hou,Y (2666) Geneve 2017}) 10... Bb7 {[%emt 0:02:29]} 11. Bxb7 {[%emt 0:00:18]} Rb8 {[%emt 0:00:04]} 12. bxa3 {[%emt 0:13:21]} Rxb7 {[%emt 0:00:19]} 13. Bg5 {[%emt 0:00:11]} Qd5 {[%emt 0:01:24]} 14. Bxf6 {[%emt 0:00:06]} gxf6 {[%emt 0:00:05]} 15. e3 {[%emt 0:01:30]} c5 {[%emt 0:00:53] [#]} 16. Qg4+ $146 {[%emt 0:01:35]} ({Predecessor:} 16. Rc1 cxd4 17. Qg4+ Kh8 18. Rfd1 d3 19. Rxc4 e5 20. Qf5 Qxc4 21. Qxf6+ Kg8 22. Qg5+ Kh8 23. Qf6+ {½-½ (24) Hansen,C (2600)-Antonsen,M (2458) Svendborg 2016}) 16... Qg5 {[%emt 0:00:43]} 17. Qf3 {[%emt 0:00:53]} Rc7 {[%emt 0:01:17]} 18. h4 {[%emt 0:00:41]} Qf5 {[%emt 0:10:32]} 19. Qxf5 {[%emt 0:00:21]} exf5 {[%emt 0:00:07]} 20. d5 {[%emt 0:03:08]} Rd8 {[%emt 0:00:13]} 21. Rfd1 {[%emt 0:00:27]} Rcd7 {[%emt 0:00:36]} 22. Rac1 {[%emt 0:00:10]} Rxd5 {[%emt 0:00:17]} 23. Rxd5 {[%emt 0:00:06]} Rxd5 {[%emt 0:00:04]} 24. Rxc4 {[%emt 0:00:05]} Rd3 {[%emt 0:00:11]} 25. Ra4 {[%emt 0:00:37]} Rd2 {[%emt 0:00:54]} 26. Rxa7 {[%emt 0:00:32]} Rxa2 {[%emt 0:00:07]} 27. Rc7 {[%emt 0:00:25]} Rc2 {[%emt 0:00:38]} 28. a4 {[%emt 0:01:02]} h5 {[%emt 0:01:29]} 29. a5 {[%emt 0:00:11]} Kg7 {[%emt 0:00:06]} 30. a6 {[%emt 0:00:06]} Kg6 {[%emt 0:00:10]} 31. a7 {[%emt 0:00:08]} Ra2 {[%emt 0:00:06]} 32. Kf1 {[%emt 0:00:13]} c4 {[%emt 0:00:07]} 33. Ke1 {[%emt 0:00:14]} c3 {[%emt 0:00:07]} 34. Kd1 {[%emt 0:00:09]} c2+ {[%emt 0:00:13]} 35. Kd2 {[%emt 0:03:45]} ({Auf keinen Fall} 35. Rxc2 $6 Ra1+ 36. Kd2 Rxa7 $16) 35... Kg7 {[%emt 0:00:29]} 36. f3 {[%emt 0:14:13]} Kg6 {[%emt 0:00:53]} 37. e4 {[%emt 0:00:43]} fxe4 {[%emt 0:00:19]} 38. fxe4 {[%emt 0:00:06]} Kg7 {[%emt 0:00:18]} 39. Kc1 {[%emt 0:04:40]} Kg6 {[%emt 0:00:13]} 40. Rc6 {[%emt 0:01:42]} Kg7 {[%emt 0:00:53]} 41. Rc7 {[%emt 0:00:10]} Kg6 {[%emt 0:00:07]} 42. Kd2 {[%emt 0:00:03]} Kg7 {[%emt 0:00:09]} 43. Rxc2 {[%emt 0:00:54]} Rxa7 {[%emt 0:00:08]} 44. Ke3 {[%emt 0:00:06]} Ra1 {[%emt 0:00:43]} 45. Rf2 {[%emt 0:00:14]} Kg6 {[%emt 0:00:16]} 46. Kf4 {[%emt 0:00:07]} Ra4 {[%emt 0:00:13]} 47. Re2 {[%emt 0:01:24]} f5 {[%emt 0:00:17]} 48. Kf3 {[%emt 0:00:17]} fxe4+ {[%emt 0:00:30]} 49. Rxe4 {[%emt 0:00:12]} Rxe4 {[%emt 0:02:07]} 50. Kxe4 {[%emt 0:00:03]} f6 {[%emt 0:00:04]} 51. Kf4 {[%emt 0:00:16]} Kg7 {[%emt 0:00:06]} 52. Ke3 {[%emt 0:00:15]} Kf7 {[%emt 0:01:39]} 53. Kf3 {[%emt 0:02:09]} Ke6 {[%emt 0:01:12]} 54. Kf4 {[%emt 0:00:11]} Ke7 {[%emt 0:00:05]} 55. Ke3 {[%emt 0:01:10]} Ke6 {[%emt 0:01:30]} 56. Kf4 {[%emt 0:00:17]} Ke7 {[%emt 0:00:06]} 57. Kf3 {[%emt 0:00:05]} Ke6 {[%emt 0:00:08]} 58. Ke4 {[%emt 0:00:28]} Ke7 {[%emt 0:00:22]} 59. Kd5 {[%emt 0:01:36]} Kd7 $11 {[%emt 0:00:05]} 60. Ke4 {[%emt 0:00:38]} 1/2-1/2